Words Containing “scr” - Statistics

General Stats
  • This quiz has been taken 47 times
  • The average score is 13 of 25
Answer Stats
Hint Answer % Correct
Give an account of events, qualities or characteristics D Describe
81%
Very tall building S Skyscraper
81%
Protection from UV radiation S Sunscreen
81%
Delicious S Scrumptious
77%
Put thoughts, speech or data into written form T Transcribe
74%
Cocktail with vodka and orange juice S Screwdriver
65%
Arrange to receive something regularly by paying in advance S Subscribe
65%
Something written or printed below the line S Subscript
65%
Treat differently due to prejudice D Discriminate
63%
Thin and bony S Scrawny
63%
Author of a movie script S Screenwriter
63%
Examine closely S Scrutinize
56%
Smaller type set slightly above other text S Superscript
53%
Showing no moral principles U Unscrupulous
53%
Lacking distinctive or interesting features N Nondescript
49%
Intentionally unobtrusive D Discreet
47%
Over-the-counter N Nonprescription
35%
Rough or grating S Scratchy
35%
Shabby and untidy S Scruffy
33%
Restore to an intelligible state U Unscramble
33%
Debunked; having lost credibility D Discredited
30%
Individually separate and distinct D Discrete
30%
Artful decoration of bone or ivory objects S Scrimshaw
30%
Impossible to understand or interpret I Inscrutable
23%
Restrict within limits C Circumscribe
19%
No matching quizzes found
Score Distribution
Percent of People with Each Score
Percentile by Number Answered
Your Score History
You have not taken this quiz